000 00813nam a2200253Ia 4500
003 OSt
005 20220927110343.0
006 a|||||r|||| 00| 0
007 ta
008 220926b |||||||| |||| 00| 0 eng d
024 _a56052
037 _cReports
040 _aRTL
_cRTL
_beng
041 _2eng
_aeng
082 _a"X:991.281r, K4/GD"
110 _aDelhi Government of.. Administration Employment Training and Technical Educations(D/O-)
_9376500
245 0 _aReport.
260 _aDelhi
_bManager of Publication India
_c1964
490 _v1963-64
650 _aLabour Market Economics - India
700 _aDelhi Government of.. Administration Employment Training and Technical Educations(D/O-)
_9376501
942 _h"X:991.281r, K4/GD"
_cCC
999 _c695722
_d695722